देवत संहिता चारों वेदो का देवतानुसार मंत्रसंग्रह (Record no. 351212)
[ view plain ]
| 000 -LEADER | |
|---|---|
| fixed length control field | 00838nam a2200217Ia 4500 |
| 003 - CONTROL NUMBER IDENTIFIER | |
| control field | OSt |
| 005 - DATE AND TIME OF LATEST TRANSACTION | |
| control field | 20220923221712.0 |
| 008 - FIXED-LENGTH DATA ELEMENTS--GENERAL INFORMATION | |
| fixed length control field | 220922b |||||||| |||| 00| 0 hin d |
| 037 ## - SOURCE OF ACQUISITION | |
| Terms of availability | Textual |
| 040 ## - CATALOGING SOURCE | |
| Original cataloging agency | ARTS |
| Transcribing agency | ARTS |
| Language of cataloging | hin |
| 041 ## - LANGUAGE CODE | |
| Source of code | hin |
| Language code of text/sound track or separate title | hin |
| 100 ## - MAIN ENTRY--PERSONAL NAME | |
| Personal name | सातवेलकर, श्री पाद दामोदर, संपा. |
| 9 (RLIN) | 165614 |
| 245 #0 - TITLE STATEMENT | |
| Title | देवत संहिता चारों वेदो का देवतानुसार मंत्रसंग्रह |
| 246 ## - VARYING FORM OF TITLE | |
| Title proper/short title | Devat sanhitā chāroan vedo kā devatānusār hintrasangraha |
| 942 ## - ADDED ENTRY ELEMENTS (KOHA) | |
| Classification part | Q1:21x, 15K4 |
| Koha item type | Textual |
| Source of classification or shelving scheme | Colon Classification (CC) |
| Withdrawn status | Lost status | Damaged status | Not for loan | Home library | Current library | Date acquired | Total Checkouts | Full call number | Barcode | Date last seen | Price effective from | Koha item type |
|---|---|---|---|---|---|---|---|---|---|---|---|---|
| Arts Library | Arts Library | 2022-09-23 | Q1:21x 15K4 | AL0199849 | 2022-09-23 | 2022-09-23 | Textual |
